| 000 | 01107cam a22002174a 4500 | ||
|---|---|---|---|
| 005 | 20250605164035.0 | ||
| 008 | 250528s ||||||||||||||||||||||||d | ||
| 035 | _a16780 | ||
| 020 | _a898714206 | ||
| 040 |
_aGR-AtMCL _bgre _dGR-AtMCL _eAACR2 |
||
| 245 | 1 | _aHandbook of Writing / For the Mathematical Sciences | |
| 250 | _a2nd | ||
| 260 | _c1998 | ||
| 300 | _a304 | ||
| 520 | _aThis volume provides even more information on the issues you will face when writing a technical paper or talk, from choosing the right journal in which to publish to handling your references. General Principles, Writer's Tools and Recommended Reading, Mathematical Writing, English Usage, When English is a Foreign Language, Writing a Paper, Revising a Draft, Publishing a Paper, Writing and Defending a Thesis, Writing a Talk, Giving a Talk, Preparing a Poster, Tex and Latex, Aids and Resources for Writing and Research, The Greek Alphabet, Glossary. | ||
| 700 | 1 |
_aHigham Nicholas J _92872 |
|
| 942 | _cBK | ||
| 710 | 2 |
_aSociety Of Industrial And Applied Mathematics _99739 |
|
| 999 |
_c2245 _d2245 |
||